Statistics for Sacramento Kings All-Time Roster

Click here to take the quiz!

General Stats

  • This quiz has been taken 328 times
  • The average score is 5 of 12

Answer Stats

PostPlayer% Correct
CChris Webber
88%
PGOscar Robertson
85%
BNPeja Stojakovic
77%
BNDeMarcus Cousins
75%
SGMitch Richmond
49%
BNTiny Archibald
41%
PFJerry Lucas
37%
SFJack Twyman
19%
BNSam Lacey
14%
BNOtis Birdsong
10%
BNWayne Embry
10%
BNTom Van Arsdale
4%

Score Distribution

Percentile by Number Answered

Percent of People with Each Score

Your Score History

You have not taken this quiz